LEADER 01398nam a2200229 i 4500 001 000000016006 003 CaOOAMICUS 005 20180830125443.0 008 180830s1917 it u000 u ita u 040 $aSeMil$bita 245 10$aBeatificationis et canonizationis servi Dei P. Fr. Ludovici Mariae Calco Sacerdotis Professi Congr. Sanctae Sabinae Ordinis Praedicti /$cSacra Rituum Congregatione ; E.mo ac R.mo Domino Victorio Amedeo card. Ranuzzi dei Bianchi relatore. 260 $aRomae :$bEx Typographia Pontificia in Instituto Pii 9.,$c1917-1918. 300 $av. ;$c30 cm. 600 14$aCalco, Ludovico Maria .$0(OLS)http://semarc/subject/2598 650 4$aSanti - Canonizzazione.$0(OLS)http://semarc/subject/1571 700 1 $aRanuzzi de Bianchi, Vittorio Amedeo.$0(OLS)http://semarc/name/7396 710 2 $aSanta Sede : Congregazione delle Cause dei Santi.$0(OLS)http://semarc/name/399 710 2 $aChiesa Cattolica : Congregazione dei riti.$0(OLS)http://semarc/name/552 774 0 $tPositio super introductione causae.$w()58040 774 0 $tPositio super non cultu.$w()58045 996 $6245$aBeatificationis et canonizationis servi Dei P. Fr. Ludovici Mariae Calco Sacerdotis Professi Congr. Sanctae Sabinae Ordinis Praedicti$9(OLS)http://semarc/title/21188 996 $6260$aRomae :$bEx Typographia Pontificia in Instituto Pii 9.$9(OLS)http://semarc/publisher/34298 LEADER 01128nam a2200289 i 4500 001 000000038939 003 CaOOAMICUS 005 20120925000000.0 008 120925s1983 it u000 u ita u 013 $a9559 020 $a88-7023-061-9 040 $aSeMil$bita 100 1 $aSironi, Antonio.$0(OLS)http://semarc/name/18786 245 10$aMonte delle vedette in Brianza /$cAntonio Sironi ; a cura di Santo Mazzarino. 260 $aMilano :$bNED,$c1983. 300 $a365 p., [6] p. di tav. ;$c22 cm. 500 $aDalla biblioteca del card. Giovanni Colombo. 650 4$aBrianza.$0(OLS)http://semarc/subject/5843 650 4$aMontevecchia.$0(OLS)http://semarc/subject/7983 700 1 $aMazzarino, Santo.$0(OLS)http://semarc/name/6557 850 $aSeMil 852 $aSeMil$W1$xVenegono$y1$m3P V 173$j5094$B5094$CSeMilBibl$Z2$F5094 $81 941 1 $a3 961 $aOmaggio: Colombo Card. Giovanni 996 $6020$a88-7023-061-9$9(OLS)http://semarc/number/8418 996 $6245$aMonte delle vedette in Brianza$9(OLS)http://semarc/title/55198 996 $6260$aMilano :$bNED$9(OLS)http://semarc/publisher/30187